000 00521nam a2200133Ia 4500
005 20260209120153.0
008 260209s9999||||xx |||||||||||||| ||und||
100 _aShivam Mishra
245 0 _aAbortion in India : analysing effect of the medical termination of pregnancy (amendment) act 2021
260 _aBangaloreBangalore
_bNLSIU, Bangalore
_c2024 - 2025
300 _a55 p. ; 25 cm.
700 _aDr. Aparna Chandra - SupervisorDr. Aparna Chandra - Supervisor
856 _uhttps://dans.nls.ac.in/handle/123456789/2512
999 _c217804
_d217804